书目信息 |
| 题名: |
国际法学习题集
|
|
| 作者: | 葛勇平 , 于飞 著 | |
| 分册: | 第二版 | |
| 出版信息: | 厦门 厦门大学出版社 2006.08 |
|
| 页数: | 321页 | |
| 开本: | 29cm | |
| 丛书名: | ||
| 单 册: | ||
| 中图分类: | D99-44 | |
| 科图分类: | ||
| 主题词: | 国际法 | |
| 电子资源: | ||
| ISBN: | 7-5615-2342-4 | |
| 000 | 00728nam0 2200229 450 | |
| 001 | 0929829373 | |
| 005 | 20090617082020.07 | |
| 010 | @a7-5615-2342-4@dCNY29.00 | |
| 100 | @a20090617d2006 km y0chiy0120 ea | |
| 101 | 0 | @achi |
| 102 | @aCN | |
| 200 | 1 | @a国际法学习题集@Aguo ji fa xue xi ti ji@e国际公法和国际私法@i第二版@f葛勇平,于飞著@Fge yong ping,yu fei zhu |
| 210 | @a厦门@c厦门大学出版社@d2006.08 | |
| 215 | @a321页@d29cm | |
| 517 | 1 | @a国际公法和国际私法@Aguo ji gong fa he guo ji si fa |
| 517 | 1 | @a第二版@Adi er ban |
| 606 | 0 | @a国际法 |
| 690 | @aD99-44@v4 | |
| 701 | 0 | @a葛勇平@Age yong ping@4著 |
| 701 | 0 | @a于飞@Ayu fei@4著 |
| 801 | 0 | @aCN@b大连网信软件有限公司图书馆·11@c20090617 |
| 905 | @aZUCC@dD99-44@eG317 | |
| 国际法学习题集:国际公法和国际私法.第二版/葛勇平,于飞著.-厦门:厦门大学出版社,2006.08 |
| 321页;29cm |
| ISBN 7-5615-2342-4:CNY29.00 |
| ● |
| 相关链接 |
|
|
|
正题名:国际法学习题集
索取号:D99-44/G317
 
预约/预借
| 序号 | 登录号 | 条形码 | 馆藏地/架位号 | 状态 | 备注 |
| 1 | 469069 | 204690691 | 社科库509/509社科库 109排2列2层/ [索取号:D99-44/G317] | 在馆 |